Giáo trình đại số tuyến tính và hình học giải tích; T2

Gardado en:
Detalles Bibliográficos
Autor Principal: Trần Trọng Huệ
Formato: Libro
Idioma:Undetermined
Publicado: H. ĐHQG 2002
Những chủ đề:
Các nhãn: Engadir etiqueta
Sen Etiquetas, Sexa o primeiro en etiquetar este rexistro!
Thư viện lưu trữ: Trung tâm Học liệu Trường Đại học Cần Thơ
LEADER 00546nam a2200181Ia 4500
001 CTU_54371
008 210402s9999 xx 000 0 und d
020 |b 23500 
082 |a 512.5 
082 |b H507/T2 
100 |a Trần Trọng Huệ 
245 0 |a Giáo trình đại số tuyến tính và hình học giải tích; T2 
245 0 |c Trần Trọng Huệ 
260 |a H. 
260 |b ĐHQG 
260 |c 2002 
650 |a algebras, linear,geometry, analytic 
980 |a Trung tâm Học liệu Trường Đại học Cần Thơ